NFL Teams in 1 Minute - Statistics

General Stats
  • This quiz has been taken 418 times
  • The average score is 24 of 32
Answer Stats
Answer % Correct
Baltimore Ravens
84%
Detroit Lions
84%
Pittsburgh Steelers
84%
Cincinnati Bengals
83%
Cleveland Browns
83%
Kansas City Chiefs
83%
Green Bay Packers
80%
Minnesota Vikings
80%
New York Jets
80%
Chicago Bears
79%
Denver Broncos
79%
Philadelphia Eagles
77%
Buffalo Bills
76%
Miami Dolphins
76%
New England Patriots
76%
Atlanta Falcons
75%
Dallas Cowboys
75%
Los Angeles Chargers
75%
New York Giants
75%
Tampa Bay Buccaneers
75%
New Orleans Saints
74%
Las Vegas Raiders
72%
Carolina Panthers
71%
Indianapolis Colts
71%
Washington Commanders
71%
Jacksonville Jaguars
69%
Houston Texans
67%
Tennessee Titans
67%
Los Angeles Rams
63%
San Francisco 49ers
63%
Seattle Seahawks
60%
Arizona Cardinals
56%
No matching quizzes found
Score Distribution
Percent of People with Each Score
Percentile by Number Answered
Your Score History
You have not taken this quiz